| 000 | 01222nam a22003498i 4500 | ||
|---|---|---|---|
| 001 | 019785338 | ||
| 003 | EG-ScBUE | ||
| 005 | 20211206120649.0 | ||
| 008 | 200506s2020 enka f 001 0 eng d | ||
| 020 | _a9780500295991 (pbk.) | ||
| 040 |
_aStDuBDS _beng _erda _cStDuBDS _dEG-ScBUE |
||
| 082 | 0 | 4 |
_a743.49 _bRIF _222 |
| 100 | 1 |
_aRifkin, Benjamin A., _eauthor. |
|
| 245 | 1 | 0 |
_aHuman anatomy : _bdepicting the body from the Renaissance to today / _cBenjamin A. Rifkin, Michael J. Ackerman, Judith Folkenberg. |
| 264 | 1 |
_aLondon : _bThames and Hudson, _c2020. |
|
| 300 |
_a343 pages : _billustrations ; _c23 cm |
||
| 336 |
_atext _2rdacontent _btxt |
||
| 336 |
_astill image _2rdacontent _btxt |
||
| 337 |
_aunmediated _2rdamedia _bn |
||
| 338 |
_avolume _2rdacarrier _bnc |
||
| 500 | _aIncludes index. | ||
| 500 | _aOriginally published: 2006. | ||
| 650 | 7 |
_aAnatomy, Artistic. _2BUEsh |
|
| 650 | 7 |
_aHuman figure in art _xHistory. _2BUEsh |
|
| 650 | 7 |
_aMedical illustration _xHistory. _2BUEsh |
|
| 650 | 7 |
_aHuman anatomy. _2BUEsh |
|
| 653 |
_bART _cDecember2021 |
||
| 655 |
_vReading book _934232 |
||
| 700 | 1 |
_aAckerman, Michael J., _d1946- _eauthor. _935574 |
|
| 700 | 1 |
_aFolkenberg, Judith, _eauthor. |
|
| 942 |
_2ddc _cBB |
||
| 999 |
_c29687 _d29658 |
||